Интерпретация понятия "PR" российской общественностью; Актуальные проблемы гуманитарных наук

গ্রন্থ-পঞ্জীর বিবরন
Parent link:Актуальные проблемы гуманитарных наук.— 2010.— С. 5-7
প্রধান লেখক: Аристова А. В.
অন্যান্য লেখক: Колегова Е. С.
ভাষা:রুশ
প্রকাশিত: 2010
বিষয়গুলি:
বিন্যাস: MixedMaterials গ্রন্থের অধ্যায়
KOHA link:https://koha.lib.tpu.ru/cgi-bin/koha/opac-detail.pl?biblionumber=193162

MARC

LEADER 00000naa2a2200000 4500
001 193162
005 20231031181729.0
035 |a (RuTPU)RU\TPU\book\210671 
090 |a 193162 
100 |a 20110318d2010 k y0rusy50 ca 
101 0 |a rus 
102 |a RU 
200 1 |a Интерпретация понятия "PR" российской общественностью  |f А. В. Аристова, Е. С. Колегова 
320 |a Библиогр.: 3 назв. 
463 0 |0 (RuTPU)RU\TPU\book\205127  |y 978-5-98298-643-6  |t Актуальные проблемы гуманитарных наук  |o сборник трудов IX Международной научно-практической конференции студентов, аспирантов и молодых ученых, 22-23 апреля 2010 г., Томск  |f Национальный исследовательский Томский политехнический университет (ТПУ)  |v С. 5-7  |d 2010  |p 564 с. 
610 1 |a пиар 
610 1 |a public relations 
610 1 |a СМИ 
610 1 |a связи с общественностью 
610 1 |a термины 
610 1 |a общественность 
610 1 |a труды учёных ТПУ 
700 1 |a Аристова  |b А. В. 
701 1 |a Колегова  |b Е. С. 
801 1 |a RU  |b 63413507  |c 20110318 
942 |c BK